000 00620cam a22002293a 4500
001 31650
003 PGUSA
005 20140828083702.0
008 100315s2010||||xxu|||||s|||||000 | eng d
040 _aPGUSA
_beng
042 _adc
050 4 _aE201
100 1 _aRoot, Jean Christie
245 1 0 _aNathan Hale
_h[electronic resource] /
_cJean Christie Root
260 _bProject Gutenberg,
_c2010
506 _aPublic domain in the USA.
516 _aElectronic text
653 _aHale, Nathan, 1755-1776
830 0 _aProject Gutenberg
_v31650
856 4 0 _uhttp://www.gutenberg.org/ebooks/31650
942 _cEB
999 _c260905
_d260905